| 000 | 03093nam a2200193Ia 4500 | ||
|---|---|---|---|
| 999 |
_c7936 _d7936 |
||
| 005 | 20250716155832.0 | ||
| 008 | 230425s9999 xx 000 0 und d | ||
| 040 |
_aUPAN _cBiblioteca San Vicente _eRCAA2 |
||
| 041 | _aspa | ||
| 082 |
_a340.11 _bF476e _c2002 |
||
| 100 |
_aFernández, Julio Fausto _4aut. |
||
| 245 | 0 |
_aEnsayos Tomo VI./ _bJulio Fausto Fernández |
|
| 250 | _a1° ed. | ||
| 260 |
_aEl Salvador: _bCorte Suprema de Justicia, _c2002 |
||
| 300 |
_a604 p.: _c25 cm. |
||
| 505 | _aParte Primera: Nota preliminar. Capitulo Primero. Principios fundamentales de la casación. Capitulo Segundo. Referencias a la historia de la casación, Capitulo Tercero. Algunas modalidades especiales de la casación. Capitulo Cuatro. Consideraciones previas al estudio de la casación en el código Procesa Penal. Capitulo Quinto. Nociones elementales sobre los recursos en general y la casación en El Salvador. Parte Segunda: Capitulo Sexto. Estudio de la casación en el código Procesal Penal de El Salvador. Capitulo Séptimo. Hermenéutica. Capitulo Octavo. Motivos de casación. SUEÑOS Y REFLEXIONES EN EL ATARDECER, ENSAYOS ESPIRITUALES, FILOSÒFICOS Y JURÌDICOS. Parte Primera: Civilización y democracia. Capitulo I. La civilización en la encrucijada. Capitulo II. Un reto totalitario. Capitulo III. Sombra y luz en el mundo. Capitulo IV. Una tesis antidemocrática. Capitulo VII. El reverso de la democracia. Capitulo VIII. Del internacionalismo proletario al imperialismo ruso. Capitulo IX. Proceso de corrupción social. Capitulo X. El fermento evangélico en el mundo de hoy. Capitulo XI. Amor fraternal y democracia. Capitulo XII. El centro de gravedad de la democracia. Capitulo XIII. Origen de la democracia representativa. Capitulo XIV. Histórico mensaje democrático. Capitulo XV. Pueblo y masa, dos realidades distintas. Parte Segunda: Estudios Jurídicos. I. Idea sobre los fundamentos del derecho penal. II. Aplicación de la ley penal. III. Infracción y responsabilidad penales. IV. Concurso de delincuentes y de delitos. V. Consecuencias jurídicas del delito. Parte Tercera: Reflexiones sobre la historia. Capitulo I. Introducción en yo mayor. Capitulo II. Tres afirmaciones. Capitulo III. Juicios de Sciacca sobre Spengler. Capitulo IV. Sciacca versus Spengler. Capitulo V. Tesis de Spengler y Toynbee, segùn Sciacca. Capitulo VI. Interpretación de la línea de la historia. Capitulo VII. Corolario de la concepción lineal de la historia. Capitulo VIII. La afirmación fundamental. Capitulo IX. Acuerdos y discrepancias entre Toynbee y Spengler. Capitulo X. La decadencia de Occidente no es fatal. Parte Cuatro: Estudios sociales y filosóficos. I. La doctrina social de la iglesia y el liberalismo. II. El proceso de abstracción. III. Poder y debilidad del conocimiento científico. Parte Quinta: Estudios y notas sobre espiritualidad. I. Razones que despertaron en un historiador contemporáneo interés por las religiones. II. Notas de espiritualidad. | ||
| 650 |
_2LEMB _aEnsayo |
||
| 942 |
_cBK _2ddc |
||